000 00522nam a2200145 a 4500
008 120416s1962 ||||||||||||||||| || u
050 _aHC 54 Hei
100 _aHeilbroner, Robert L
245 1 4 _aThe making of economic society
260 _aEnglewood Cliffs, N.J.
_bFT Prentice-Hall
_c1962
300 _axiii, 241p. : ill.
350 _a0.00
650 0 _aECONOMICS
995 _D0.00
_FCBU-MAIN LIBRARY (Kitwe)
_H1
_I0.00
_M1
_UAVAILABLE
_ZAnnex Low-Usage Collection
999 _c49740
_d49740